000 00739nas a2200265 4500
001 BR9103272
003 BR-BrBNA
005 20231205092058.0
007 ta
008 230509b bl.|||p| |||| 00| 00por d
040 _aBR-BrBNA
_bpor
_cBiblioteca Nacional de Agricultura
041 _a(Pt)
072 _aL02
100 1 _aPenteado, M.I. de O.
100 1 _aMiranda, C.H.B.
245 1 _aLeguminosas, por que nao?
650 _aLEGUMINOSA
650 _aNUTRICAO ANIMAL
650 _aPERFORMANCE
650 _aZONA TROPICAL
650 _aZONA UMIDA
773 0 _tRevista dos Criadores (Brazil)
_xISSN 0034-9259
_g(Jan 1989), v. 58(708) p. 56-57
_wBR9103272
909 _a202311
_bLúcia
_c55
_dLúcia Elande
942 _2AGRIS
_n0
_cANA
999 _c129165
_d129165